Seleções finalistas da Copa do Mundo da FIFA - Statistics

Estatísticas Gerais
  • Esse quiz foi jogado 102 vezes
  • A pontuação média é 43 de 44
Estatísticas das Respostas
Edição Seleção % Correto
Uruguai 1930 Argentina
100%
Argentina 1978 Argentina
100%
México 1986 Argentina
100%
Itália 1990 Argentina
100%
Brasil 2014 Argentina
100%
Catar 2022 Argentina
100%
Brasil 1950 Brasil
100%
Suécia 1958 Brasil
100%
Chile 1962 Brasil
100%
México 1970 Brasil
100%
Estados Unidos 1994 Brasil
100%
França 1998 Brasil
100%
Coreia do Sul e Japão 2002 Brasil
100%
Itália 1934 Itália
100%
França 1938 Itália
100%
México 1970 Itália
100%
Espanha 1982 Itália
100%
Estados Unidos 1994 Itália
100%
Alemanha 2006 Itália
100%
Uruguai 1930 Uruguai
100%
Brasil 1950 Uruguai
100%
Alemanha Ocidental 1974 Alemanha
99%
Coreia do Sul e Japão 2002 Alemanha
99%
Brasil 2014 Alemanha
99%
Suíça 1954 Alemanha Ocidental
99%
Inglaterra 1966 Alemanha Ocidental
99%
Espanha 1982 Alemanha Ocidental
99%
México 1986 Alemanha Ocidental
99%
Itália 1990 Alemanha Ocidental
99%
África do Sul 2010 Espanha
99%
França 1998 França
99%
Alemanha 2006 França
99%
Rússia 2018 França
99%
Catar 2022 França
99%
Alemanha Ocidental 1974 Holanda
98%
Argentina 1978 Holanda
98%
África do Sul 2010 Holanda
98%
Rússia 2018 Croácia
97%
Inglaterra 1966 Inglaterra
97%
Suécia 1958 Suécia
93%
França 1938 Hungria
87%
Suíça 1954 Hungria
87%
Itália 1934 Tchecoslováquia
71%
Chile 1962 Tchecoslováquia
71%
Nenhum quiz correspondente encontrado
Distribuição das Pontuações
Porcentagem de Pessoas com Cada Pontuação
Percentil de Números Respondidos
Sua Pontuação Histórica
Você não jogou esse quiz